Ricostruisci la Carriera del Calciatore - Antonio Candreva - Statistics

Statistiche generali
  • Questo quiz è stato fatto 19 volte
  • Il punteggio medio è 6 su 10
Statistiche sulle risposte
Hint Risposta % Corretto
2022- Salernitana
80%
2016-2020 Inter
67%
2012-2016 Lazio
67%
2020-2022 Sampdoria
67%
2011-2012 Cesena
60%
2010 Juventus
60%
2005-2007 Ternana
60%
2008-2010 Livorno
53%
2010-2011 Parma
53%
2007-2008 Udinese
53%
Nessun quiz corrispondente trovato
Distribuzione punteggi
Percentuale di utenti per punteggio
Percentile per numero di risposta
I tuoi punteggi nel tempo
Non hai fatto questo quiz